[Event "ISEM URLA GM 2017"]
[Site "Izmir TUR"]
[Date "2017.03.11"]
[Round "7.3"]
[White "Malakhatko,V"]
[Black "Koksal,E"]
[Result "0-1"]
[WhiteElo "2488"]
[BlackElo "2369"]

1.c4 c6 2.Nf3 d5 3.e3 Nf6 4.Nc3 e6 5.d4 Nbd7 6.Bd3 Bd6 7.O-O O-O 8.Qc2 h6 9.b3
Qe7 10.Bb2 Re8 11.e4 dxc4 12.bxc4 e5 13.d5 Nc5 14.Nd2 Bd7 15.Nb3 Rac8 16.Nxc5
Bxc5 17.Qb3 Bd4 18.Ba3 c5 19.Rae1 Nh5 20.Ne2 Nf4 21.Nxd4 Qg5 22.g3 cxd4 23.f3
Nxd3 24.Qxd3 Bb5 25.f4 exf4 26.Rc1 Rxc4 27.Rxc4 fxg3 28.Rf3 gxh2+ 29.Kxh2 Qh4+
30.Kg2 Qg4+ 31.Kf2 Qh4+ 32.Kg2 Qg4+ 33.Kf2 Bxc4 34.Qxc4 Qxe4 35.Bb4 Qh4+
36.Kg2 Qg4+ 37.Kf2 Re3 38.Rg3 Re8 39.Kg2 Qh4 40.Rf3 {#R} 0-1

[Event "ISEM URLA GM 2017"]
[Site "Izmir TUR"]
[Date "2017.03.11"]
[Round "7.4"]
[White "Petrov,Marij"]
[Black "Dedebas,Emre Emin"]
[Result "1-0"]
[WhiteElo "2480"]
[BlackElo "2342"]

1.e4 e5 2.Nf3 Nc6 3.Bc4 Bc5 4.d3 Nf6 5.O-O d6 6.c3 a6 7.Bb3 Ba7 8.h3 h6 9.Re1
O-O 10.Nbd2 Nh5 11.Nf1 Qf6 12.Be3 Nf4 13.Ng3 g6 14.d4 h5 15.a4 Re8 16.a5 Rd8
17.Qd2 Re8 18.h4 Bg4 19.Ng5 Re7 20.Kh2 Rd7 21.f3 {#r} 1-0

[Event "ISEM URLA GM 2017"]
[Site "Izmir TUR"]
[Date "2017.03.11"]
[Round "8.1"]
[White "Arat,Uf"]
[Black "Palac,M"]
[Result "0-1"]
[WhiteElo "2382"]
[BlackElo "2582"]

1.d4 Nf6 2.c4 e6 3.g3 Bb4+ 4.Bd2 Be7 5.Bg2 d5 6.Nf3 c6 7.O-O Nbd7 8.Qc2 b6
9.Rd1 Ba6 10.b3 Rc8 11.a4 c5 12.a5 b5 13.b4 cxd4 14.c5 e5 15.c6 O-O 16.Rc1 Bd6
17.Bh3 Rc7 18.Nh4 Nb8 19.Na3 Nxc6 20.Nf5 Ne7 21.Qd3 Ne4 22.Rxc7 Bxc7 23.Rc1 h6
24.Qc2 Bb8 25.f3 Nxf5 26.fxe4 Nd6 27.exd5 Nc4 28.Nxc4 bxc4 29.b5 Bxb5 30.Qf5
c3 {#R} 0-1

[Event "ISEM URLA GM 2017"]
[Site "Izmir TUR"]
[Date "2017.03.11"]
[Round "8.3"]
[White "Dedebas,Emre Emin"]
[Black "Malakhatko,V"]
[Result "0-1"]
[WhiteElo "2342"]
[BlackElo "2488"]

1.d4 e6 2.c4 Bb4+ 3.Bd2 a5 4.g3 d5 5.Qc2 dxc4 6.Qxc4 Qd5 7.Qxd5 exd5 8.Bg2 Nf6
9.Nc3 c6 10.Nf3 Bf5 11.O-O Nbd7 12.Rfd1 Nb6 13.Ne5 O-O 14.Bf1 Rfe8 15.e3 Bd6
16.Nf3 h6 17.Rdc1 g5 18.Ne1 Kg7 19.Bd3 Ne4 20.Nxe4 dxe4 21.Be2 Be6 22.Nc2 Nd5
23.Na3 Kg6 24.Kf1 h5 25.Kg2 h4 26.gxh4 Rh8 27.h5+ Kg7 28.Nc4 Bc7 29.h3 f6
30.f3 Bf5 31.Rh1 Rxh5 32.f4 Rh4 33.fxg5 fxg5 34.Be1 Rh6 35.Bf2 Rah8 36.Bg4
Bxg4 37.hxg4 Rh2+ 38.Rxh2 Rxh2+ 39.Kg1 Nf6 40.Nd2 Kg6 41.Nf1 Rh7 42.Nd2 Re7
43.Kg2 Nxg4 44.Bg1 Nh6 45.Rc1 Nf5 46.Bf2 g4 47.Nf1 Kf6 48.Rc5 g3 49.Be1 Rh7
50.Kg1 Rg7 51.Kg2 Ke6 {#R} 0-1

[Event "ISEM URLA GM 2017"]
[Site "Izmir TUR"]
[Date "2017.03.11"]
[Round "8.4"]
[White "Yilmazyerli,M"]
[Black "Petrov,Marij"]
[Result "1-0"]
[WhiteElo "2452"]
[BlackElo "2480"]

1.Nf3 g6 2.e4 Bg7 3.d4 d6 4.Bc4 Nf6 5.Qe2 O-O 6.O-O c6 7.Bb3 Bg4 8.Nbd2 e5
9.dxe5 dxe5 10.h3 Bxf3 11.Nxf3 Nbd7 12.c3 Qe7 13.Bc2 a5 14.a4 Nc5 15.Re1 Rfb8
16.b3 Bf8 17.Bd2 Qc7 18.b4 Ne6 19.Bb3 Re8 20.Qc4 Nd7 21.Be3 Bg7 22.Red1 Rad8
23.Ng5 Ndf8 24.b5 Nxg5 25.Bxg5 Rxd1+ 26.Rxd1 Ne6 27.Be3 Bf8 28.Ba2 Rc8 29.bxc6
Qxc6 30.Qxc6 Rxc6 31.Bxe6 Rxe6 32.Rd5 Rc6 33.Rxe5 b6 34.Bd4 Rc4 35.Re8 f5
36.exf5 Kf7 37.fxg6+ hxg6 38.Rb8 Rxa4 39.Rxb6 Ra1+ 40.Kh2 Be7 41.Ra6 a4 42.c4
Rd1 43.Bb6 a3 44.c5 Rd3 45.c6 Ke6 46.c7 Kd7 47.g3 Rc3 48.Ra8 Rxc7 49.Bxc7 Kxc7
50.Ra7+ Kd8 51.Kg2 Bc5 52.Ra5 Bd6 53.Kf3 Kc7 54.Ke4 Kb6 55.Ra8 Kb5 56.Kd3 {#r}
1-0

[Event "ISEM URLA GM 2017"]
[Site "Izmir TUR"]
[Date "2017.03.11"]
[Round "8.5"]
[White "Kanmazalp,O"]
[Black "Bagaturov,G"]
[Result "1-0"]
[WhiteElo "2439"]
[BlackElo "2428"]

1.e4 c5 2.Nf3 e6 3.d4 cxd4 4.Nxd4 Nf6 5.Nc3 Nc6 6.Ndb5 Bb4 7.a3 Bxc3+ 8.Nxc3
d5 9.exd5 Nxd5 10.Bd2 O-O 11.Bd3 Nxc3 12.Bxc3 e5 13.Qh5 f5 14.O-O-O Qe7
15.Rhe1 Bd7 16.Bc4+ Be6 17.Bb4 Nxb4 18.Rxe5 Kh8 19.Rxe6 Qc7 20.Rd4 g6 21.Rxg6
Rfe8 22.axb4 Re1+ 23.Kd2 Qe7 24.Rgd6 Re8 25.Qxe8+ {#r} 1-0

[Event "ISEM CESMEALTI GM 2017"]
[Site "Izmir TUR"]
[Date "2017.03.11"]
[Round "7.1"]
[White "Mirzoev,A"]
[Black "Ozer,Omer Faruk"]
[Result "0-1"]
[WhiteElo "2554"]
[BlackElo "2373"]

1.d4 Nf6 2.c4 e6 3.Nf3 Bb4+ 4.Nbd2 O-O 5.a3 Bxd2+ 6.Qxd2 b6 7.g3 Bb7 8.Bg2 d6
9.O-O a5 10.b3 Nbd7 11.Rd1 Qe7 12.Bb2 Rfd8 13.Qe3 c5 14.d5 e5 15.Nh4 g6 16.Qg5
Qf8 17.a4 h6 18.Qd2 e4 19.f4 Re8 20.Qc3 Kh7 21.Bh3 h5 22.Rf1 Ng4 23.Ng2 f5
24.e3 Nh6 25.Nh4 Nb8 26.Rf2 Na6 27.Bf1 Nb4 28.h3 Qe7 29.Rd1 Rf8 30.Rdd2 Rf7
31.Rg2 Rg8 32.Rdf2 Bc8 33.Be2 Bd7 34.Kf1 Qd8 35.Ke1 Qe7 36.Kd2 Qd8 37.Rh2 Rff8
38.Qc1 Qe7 39.Qd1 Re8 40.Ng2 Qd8 41.Kc1 Ref8 42.Kb1 Qc8 43.Ne1 g5 44.Bxh5 gxf4
45.gxf4 Rg1 46.Rfg2 Rg8 47.Rxg1 Rxg1 48.Rg2 Rxg2 49.Nxg2 Qg8 50.Qd2 Nd3 51.Ba1
Be8 52.Bd1 Qg3 53.Qc3 Nf7 54.Bg4 Nfe5 55.fxe5 Qxg2 56.Bxf5+ Kh6 57.exd6 Qf1+
58.Ka2 Qxf5 59.Qh8+ Kg5 60.Qxe8 Qf2+ 61.Ka3 Qxe3 62.Qg8+ Kh5 63.Qg4+ Kh6
64.Qg7+ Kh5 65.Bb2 Nb4 66.Qf7+ Kh4 67.Qh7+ Kg3 68.Be5+ Kf2 69.Qh4+ Ke2 70.Qg4+
Kd3 71.Qd1+ Qd2 72.d7 {#R} 0-1

[Event "ISEM CESMEALTI GM 2017"]
[Site "Izmir TUR"]
[Date "2017.03.11"]
[Round "7.4"]
[White "Basso,Pier Luigi"]
[Black "Gokerkan,Cem Kaan"]
[Result "1-0"]
[WhiteElo "2462"]
[BlackElo "2275"]

1.e4 c5 2.Nf3 d6 3.d4 cxd4 4.Nxd4 Nf6 5.Nc3 a6 6.Bg5 e6 7.f4 Nbd7 8.Qe2 h6
9.Bh4 Qc7 10.O-O-O Be7 11.g4 g5 12.fxg5 hxg5 13.Bxg5 b5 14.a3 Rb8 15.Qe1 Ne5
16.Be2 Nfxg4 17.Bxe7 Qxe7 18.Bxg4 Qg5+ 19.Qd2 Qxd2+ 20.Rxd2 Nxg4 21.Nc6 Rb6
22.Rxd6 Bd7 23.Rhd1 Rxc6 24.Rxd7 Rxh2 25.Ra7 Ne3 26.Re1 Nc4 27.Nd5 Ne5 28.Nb4
Rc4 29.b3 Rc5 30.Rxa6 Nf3 31.Rd1 Re2 32.Rf1 Ne5 33.Ra7 Kf8 34.Kb1 Kg7 35.Rf4
Kg6 36.Ra8 Kg7 37.Rd8 Re1+ 38.Kb2 Re2 39.Kc1 Rg2 40.Rd2 Rg1+ 41.Kb2 Ng6
42.Rff2 Rg4 43.Nd3 Rh5 44.Rde2 Rhh4 45.Nc5 Rh5 46.Nb7 Nf4 47.Re3 Re5 48.Nd6 f6
49.Ref3 Nh5 50.Ne8+ Kf7 51.Nxf6 Nxf6 52.Rxf6+ Ke7 53.Rf7+ Kd6 54.Rd2+ Kc6
55.Rfd7 b4 56.axb4 Rgxe4 57.R2d6+ {#r} 1-0

[Event "ISEM CESMEALTI GM 2017"]
[Site "Izmir TUR"]
[Date "2017.03.11"]
[Round "7.5"]
[White "Khamrakulov,D"]
[Black "Erdogdu,M"]
[Result "1-0"]
[WhiteElo "2437"]
[BlackElo "2456"]

1.e4 c5 2.c3 d5 3.exd5 Qxd5 4.d4 Nf6 5.Nf3 Nc6 6.dxc5 Qxd1+ 7.Kxd1 e5 8.b4 Bf5
9.Bb5 Nd5 10.Bd2 f6 11.Na3 O-O-O 12.Kc1 g5 13.Rd1 h5 14.Nc4 g4 15.Nh4 Bh7
16.Ba4 e4 17.Bb3 Be7 18.Nd6+ Bxd6 19.cxd6 Rxd6 20.Bf4 Nxf4 21.Rxd6 Rf8 22.g3
Nd3+ 23.Kd2 Kc7 24.Rd5 f5 25.Rxd3 exd3 26.Re1 f4 27.b5 fxg3 28.fxg3 Rf2+
29.Kd1 d2 30.Re3 Rxh2 31.bxc6 Kxc6 32.Re6+ Kd7 33.Re5 Bb1 34.Rxh5 Rh3 35.Rd5+
Kc6 36.Nf5 Bxf5 37.Rxf5 Rxg3 38.Kxd2 b5 39.Bd1 Rg2+ 40.Be2 a5 41.Rf4 Rg1
42.Rxg4 Ra1 43.Rg6+ Kc7 44.Bxb5 Rxa2+ 45.Kd3 a4 46.Ra6 a3 47.Bc4 Ra1 48.Kc2
Kb7 49.Kb3 {#r} 1-0

[Event "ISEM CESMEALTI GM 2017"]
[Site "Izmir TUR"]
[Date "2017.03.11"]
[Round "8.3"]
[White "Gokerkan,Cem Kaan"]
[Black "Petkov,V"]
[Result "1-0"]
[WhiteElo "2275"]
[BlackElo "2501"]

1.e4 e5 2.Nf3 Nc6 3.Bc4 Bc5 4.c3 Nf6 5.d3 d6 6.Nbd2 a6 7.Bb3 Ba7 8.Nf1 h6
9.Ng3 O-O 10.O-O Re8 11.Nh4 Bg4 12.Qe1 Ne7 13.Be3 g5 14.Nhf5 Bxf5 15.exf5 Bxe3
16.fxe3 d5 17.h4 c6 18.hxg5 hxg5 19.Qd2 e4 20.dxe4 dxe4 21.Qe2 Qd3 22.Qxd3
exd3 23.e4 Nc8 24.Rfe1 Re5 25.Rad1 Nb6 26.Rxd3 Kg7 27.Rde3 a5 28.R3e2 Rae8
29.Bc2 Nbd7 30.Nf1 R5e7 31.Nd2 Ne5 32.Kf2 Rd7 33.Nf3 Nfg4+ 34.Kg3 Kf6 35.Rh1
Red8 36.Rh5 b5 37.Rxg5 Nxf3 38.Rxg4 Ne5 39.Rf4 Rg8+ 40.Kh2 Rh8+ 41.Kg3 Rh1
42.Rh4 Rc1 43.Rf2 Kg5 44.Rh8 Nd3 45.Rg8+ Kf6 46.Bxd3 Rxd3+ 47.Kf4 Re1 48.g4
Ke7 49.e5 Rde3 50.f6+ Kd7 51.Rd2+ Kc7 52.Re8 Kb6 53.Re7 a4 54.Kg5 a3 55.bxa3
Rxc3 56.Rf2 Rc5 57.Rf5 Re4 58.Rf4 Re3 59.Kh6 Rxa3 60.Kg7 Rxa2 61.Kxf7 Rg2
62.Kg6 {#r} 1-0

[Event "German Cup Intermediate"]
[Site "Germany GER"]
[Date "2017.03.11"]
[Round "1.1"]
[White "Rublevsky,S"]
[Black "Wegerle,J"]
[Result "1-0"]
[WhiteElo "2681"]
[BlackElo "2445"]

1.e4 e5 2.Bc4 Nc6 3.Nc3 Nf6 4.d3 Bb4 5.Ne2 d5 6.exd5 Nxd5 7.O-O Be6 8.Bxd5
Bxd5 9.f4 O-O 10.f5 Bxc3 11.bxc3 f6 12.Ng3 Qe7 13.c4 Bf7 14.Be3 Rfd8 15.Qf3
Rab8 16.Rab1 Be8 17.Rfe1 b6 18.Qg4 Qf7 19.Bf2 a5 20.Ne4 Kh8 21.Re3 Qh5 22.Qxh5
Bxh5 23.h3 h6 24.g4 Be8 25.h4 Ne7 26.Rf1 Bc6 27.Be1 Bxe4 28.Rxe4 Nc8 29.g5 Nd6
30.Rg4 h5 31.Rg2 Rf8 32.Kh2 Rbe8 33.c5 bxc5 34.Bxa5 Ra8 35.Bxc7 Nb5 36.Bb6
Rxa2 37.c4 Rxg2+ 38.Kxg2 Nd4 39.Bxc5 Rd8 40.gxf6 gxf6 41.Be7 Rg8+ 42.Kh3 Kg7
43.Rg1+ {#r} 1-0

[Event "German Cup Intermediate"]
[Site "Germany GER"]
[Date "2017.03.11"]
[Round "1.1"]
[White "Ponkratov,P"]
[Black "Schaefer,Mark"]
[Result "1-0"]
[WhiteElo "2595"]
[BlackElo "2399"]

1.Nf3 Nf6 2.g3 g6 3.Bg2 Bg7 4.O-O O-O 5.d4 d6 6.Nc3 d5 7.Ne5 c6 8.Re1 Bf5 9.h3
Ne4 10.g4 Nxc3 11.bxc3 Bc8 12.e4 dxe4 13.Rxe4 Nd7 14.Nd3 Nf6 15.Re2 Nd5 16.Bd2
b5 17.a4 e6 18.Qb1 a6 19.Qb3 Rb8 20.Rd1 Qb6 21.a5 Qa7 22.Ne5 Bd7 23.c4 bxc4
24.Qxc4 Rfc8 25.Nxd7 Qxd7 26.Qxa6 Bxd4 27.Qd3 Bg7 28.c4 Nf6 29.Qxd7 Nxd7
30.Be3 Rc7 31.Red2 Nf8 32.a6 Ra8 33.Ra2 Nd7 34.Rxd7 Rxd7 35.Bxc6 Rdd8 36.a7
Be5 37.Bb6 Rf8 38.Bxa8 Rxa8 39.Rd2 {#r} 1-0

[Event "German Cup Intermediate"]
[Site "Germany GER"]
[Date "2017.03.11"]
[Round "1.1"]
[White "Gupta,M"]
[Black "Savchenko,B"]
[Result "0-1"]
[WhiteElo "2195"]
[BlackElo "2613"]

1.d4 Nf6 2.Bf4 d5 3.e3 c5 4.c3 Nc6 5.Nd2 Bf5 6.Qb3 Qc8 7.dxc5 e5 8.Bg5 Nd7
9.Qxd5 Nxc5 10.Nc4 f6 11.Bh4 Qc7 12.Rd1 Rd8 13.Qf3 Nd3+ 14.Bxd3 Bxd3 15.Nd2
Qa5 16.Ne2 Be7 17.Bg3 h5 18.h4 Qa4 19.e4 Qc2 20.Nc1 Ba6 21.Qe3 Kf7 22.f4 Rxd2
23.Qxd2 Qxe4+ 24.Ne2 Rd8 {#R} 0-1

[Event "German Cup Intermediate"]
[Site "Germany GER"]
[Date "2017.03.11"]
[Round "1.2"]
[White "Buhmann,R"]
[Black "Hoffmann,Hen"]
[Result "1-0"]
[WhiteElo "2625"]
[BlackElo "2347"]

1.d4 d5 2.Nf3 Nf6 3.c4 dxc4 4.e3 e6 5.Bxc4 c5 6.O-O cxd4 7.exd4 Be7 8.Nc3 O-O
9.Re1 Nc6 10.a3 a6 11.Bg5 b5 12.Ba2 Bb7 13.Qd3 b4 14.Na4 Qa5 15.Bxf6 Bxf6
16.Nc5 Bc8 17.Rac1 bxa3 18.bxa3 Rd8 19.Qe4 Rd6 20.d5 Qxa3 21.Bb1 Rxd5 22.Qxd5
Qxc1 23.Qxc6 {#r} 1-0

[Event "German Cup Intermediate"]
[Site "Germany GER"]
[Date "2017.03.11"]
[Round "1.2"]
[White "Schunk,T1"]
[Black "Boguslavskyy,O"]
[Result "0-1"]
[WhiteElo "2190"]
[BlackElo "2435"]

1.c4 e5 2.Nc3 Nc6 3.g3 f5 4.Bg2 Nf6 5.a3 a5 6.e3 g6 7.Nge2 Bg7 8.O-O O-O 9.d4
d6 10.Rb1 Ne7 11.b4 axb4 12.axb4 c6 13.Bb2 Be6 14.c5 e4 15.Ra1 Ned5 16.Nxd5
Nxd5 17.Rxa8 Qxa8 18.Qd2 Qb8 19.Rc1 Rd8 20.Nf4 Nxf4 21.gxf4 b6 22.Bf1 Bd5
23.Bc3 b5 24.Ra1 Qc7 25.Qb2 Qe7 26.Ra6 g5 27.Qe2 gxf4 28.exf4 dxc5 29.bxc5 Bf6
30.Qe3 Kh8 31.Bh3 Rg8+ 32.Kf1 {#R} 0-1

[Event "German Cup Intermediate"]
[Site "Germany GER"]
[Date "2017.03.11"]
[Round "1.2"]
[White "Nekrasov,M"]
[Black "Richter,Leonard"]
[Result "1-0"]
[WhiteElo "2377"]
[BlackElo "2299"]

1.e4 c5 2.Nf3 d6 3.d4 cxd4 4.Nxd4 Nf6 5.f3 e5 6.Nb3 a5 7.Bb5+ Nc6 8.Nc3 Be7
9.Be3 O-O 10.Qe2 Na7 11.Bc4 a4 12.Nd2 Qa5 13.a3 Bd7 14.O-O b5 15.Ba2 Rfc8
16.Nd5 Nxd5 17.Bxd5 Bc6 18.Ba2 Be8 19.c3 Nc6 20.Rad1 Bd8 21.Rf2 Bb6 22.Nf1 Bc5
{#r} 1-0

[Event "German Cup Intermediate"]
[Site "Germany GER"]
[Date "2017.03.11"]
[Round "1.3"]
[White "Souleidis,G"]
[Black "Leisner,H"]
[Result "1-0"]
[WhiteElo "2401"]
[BlackElo "2271"]

1.e4 d6 2.d4 Nf6 3.Nc3 e5 4.Nf3 Nbd7 5.Bc4 Be7 6.O-O O-O 7.a4 c6 8.a5 Rb8
9.Qe2 Qc7 10.Ba2 b5 11.axb6 axb6 12.d5 cxd5 13.Bxd5 Nc5 14.Bg5 Ne6 15.Bxf6
Bxf6 16.g3 Qc5 17.Bb3 Bb7 18.Nd5 Bxd5 19.Bxd5 b5 20.Rfd1 Rfc8 21.Bb3 Qb4
22.Ra7 Ra8 23.Rb7 Rab8 24.Ra7 Rc7 25.Rxc7 Nxc7 26.Ne1 Ne6 27.Nd3 Qa5 28.c3 Qb6
29.Nb4 Nc5 30.Bd5 Bd8 31.Qf3 Bf6 32.h4 Rf8 33.Kg2 Qc7 34.Qe2 Rb8 35.Ra1 Qb6
36.Qe3 Na4 37.Qxb6 Nxb6 38.Ra7 Nxd5 39.Nxd5 Bd8 40.Rd7 g5 41.hxg5 Bxg5 42.Rxd6
Bc1 43.b3 Bb2 44.Kf3 Kg7 45.Rc6 Ra8 46.Rc5 Rb8 47.b4 Rd8 48.Kg4 Rh8 {#r} 1-0

[Event "German Cup Intermediate"]
[Site "Germany GER"]
[Date "2017.03.11"]
[Round "1.3"]
[White "Uksini,Bardhyl"]
[Black "Woll,W"]
[Result "1-0"]
[WhiteElo "2327"]
[BlackElo "2081"]

1.d4 d5 2.Nf3 e6 3.c4 c5 4.cxd5 exd5 5.g3 Nc6 6.Bg2 Nf6 7.O-O Be7 8.Nc3 O-O
9.Bg5 c4 10.Ne5 Be6 11.b3 h6 12.Bxf6 Bxf6 13.Nxc6 bxc6 14.bxc4 dxc4 15.e3 Qa5
16.Qd2 Rac8 17.Rac1 Be7 18.Rfd1 Bb4 19.Qc2 Rc7 20.Bf1 Rd8 21.Ne4 Bg4 22.Be2
Bxe2 23.Qxe2 Re7 24.Qc2 Ba3 25.Rb1 Rde8 26.Nd2 c3 27.Nc4 {#r} 1-0

[Event "German Cup Intermediate"]
[Site "Germany GER"]
[Date "2017.03.11"]
[Round "1.3"]
[White "Weber,Max2"]
[Black "Bente,B"]
[Result "0-1"]
[WhiteElo "2251"]
[BlackElo "2288"]

1.Nf3 g6 2.d4 Bg7 3.e4 d6 4.Nc3 Nf6 5.h3 O-O 6.Be3 c6 7.Qd2 Nbd7 8.Bd3 e5
9.O-O-O exd4 10.Bxd4 Qe7 11.g4 Ne5 12.Nxe5 dxe5 13.Be3 Be6 14.f3 Rfd8 15.h4 c5
16.Qf2 c4 17.Be2 Rxd1+ 18.Rxd1 b5 19.g5 Nh5 20.Nd5 Qb7 21.f4 Nxf4 22.Bxf4 exf4
23.Qxf4 Bxd5 24.Rxd5 c3 25.Rxb5 cxb2+ 26.Kb1 Qc6 27.Rb8+ Rxb8 28.Qxb8+ Bf8
29.Bd3 Qc3 30.e5 Kg7 31.h5 gxh5 32.Bxh7 Qe3 {#R} 0-1

[Event "German Cup Intermediate"]
[Site "Germany GER"]
[Date "2017.03.11"]
[Round "1.4"]
[White "Kopylov,M"]
[Black "Szeberenyi,A"]
[Result "1-0"]
[WhiteElo "2429"]
[BlackElo "2369"]

1.d4 d5 2.c4 Bf5 3.cxd5 Bxb1 4.Qa4+ Qd7 5.Qxd7+ Nxd7 6.Rxb1 Ngf6 7.Nf3 Nb6
8.g3 Nbxd5 9.Bg2 e6 10.O-O c6 11.Ne5 Rd8 12.Rd1 Nb6 13.b3 Be7 14.Bb2 O-O
15.Rbc1 Nfd5 16.e3 Nd7 17.Nc4 N7f6 18.a3 Rd7 19.b4 Rb8 20.Rc2 Rdd8 21.Na5 Kf8
22.Bf3 Nb6 23.Kg2 Rd7 24.Rb1 h6 25.Bc1 a6 26.e4 Nh7 27.h4 Bf6 28.Bf4 Rc8
29.Be3 Bxd4 30.Bxd4 Rxd4 31.Nxb7 Nc4 32.Rxc4 Rxc4 33.Nd6 c5 34.Nxc4 cxb4
35.Rxb4 {#r} 1-0

[Event "German Cup Intermediate"]
[Site "Germany GER"]
[Date "2017.03.11"]
[Round "1.4"]
[White "Krause,Benedict"]
[Black "Szalanczy,E"]
[Result "1-0"]
[WhiteElo "2407"]
[BlackElo "2217"]

1.e4 c5 2.Nf3 d6 3.d4 cxd4 4.Nxd4 Nf6 5.Nc3 g6 6.Be3 Bg7 7.f3 Nc6 8.Qd2 O-O
9.g4 Nxd4 10.Bxd4 Be6 11.Nd5 Bxd5 12.exd5 Nd7 13.Bxg7 Kxg7 14.O-O-O Rc8 15.h4
h6 16.f4 Rc5 17.h5 Qa5 18.Qd4+ f6 19.Qe4 f5 20.Qxe7+ Rf7 21.Qxd6 Nf6 22.g5
hxg5 23.fxg5 Nxh5 24.Rxh5 gxh5 25.Qh6+ Kg8 26.Bd3 Qc7 27.d6 Qd7 28.Re1 Rc8
29.Re6 Rg7 30.Rg6 Rc5 31.b4 Rc6 32.Bxf5 Rxg6 33.Qxg6+ Qg7 34.Qe8+ Qf8 35.Qg6+
Qg7 36.Qe8+ Qf8 37.Qe6+ Qf7 38.Qe5 Qg7 39.Be6+ Kf8 40.d7 Qxe5 41.d8=Q+ {#r}
1-0

[Event "German Cup Intermediate"]
[Site "Germany GER"]
[Date "2017.03.11"]
[Round "1.4"]
[White "Hoegy,K"]
[Black "Powierski,E"]
[Result "0-1"]
[WhiteElo "2278"]
[BlackElo "2317"]

1.d4 Nf6 2.Nf3 e6 3.c4 b6 4.Bf4 Bb7 5.e3 c5 6.d5 exd5 7.Nc3 dxc4 8.Nb5 Na6
9.Bxc4 Be7 10.Nd6+ Bxd6 11.Bxd6 b5 12.Qb3 bxc4 13.Qxb7 Nb4 14.O-O Qc8 15.Qxc8+
Rxc8 16.Ne5 Ne4 17.Nxc4 Rc6 18.Rfd1 Nxd6 19.Nxd6+ Ke7 20.Nf5+ Kf6 21.e4 Rd8
22.a3 Nc2 23.Rac1 Nd4 24.Nxd4 cxd4 25.Rb1 Ke5 26.Rd2 Rb8 27.Rbd1 Rc4 28.f4+
Kxe4 29.Re1+ Kxf4 30.Re7 d3 31.Rxd7 Rc1+ 32.Kf2 Rc2 33.Rxf7+ Kg5 34.Ke3 Rxd2
35.Kxd2 Kg6 36.Rxa7 Rxb2+ 37.Kxd3 Rxg2 38.a4 Rxh2 39.a5 h5 40.a6 Ra2 41.Ra8
Kg5 42.Kc4 Kg4 43.Kb5 h4 44.Rh8 g5 45.Kb6 Kh3 46.Rh5 Rxa6+ {#R} 0-1

[Event "TCh-FIN 2016-17"]
[Site "Finland FIN"]
[Date "2017.03.11"]
[Round "10.1"]
[White "Moiseenko,Va"]
[Black "Ristoja,S"]
[Result "1-0"]
[WhiteElo "2527"]
[BlackElo "2164"]

1.d4 Nf6 2.Bg5 d5 3.Nd2 e6 4.e3 Be7 5.Bd3 O-O 6.c3 b6 7.f4 Bb7 8.Qf3 Nbd7
9.Ne2 h6 10.h4 Ne4 11.Bxe7 Nxd2 12.Kxd2 Qxe7 13.g4 f6 14.Bg6 c5 15.Rag1 e5
16.g5 exd4 17.exd4 fxg5 18.hxg5 cxd4 19.gxh6 Ne5 20.Bh7+ Kh8 21.hxg7+ Qxg7
22.Bf5+ {#r} 1-0

[Event "TCh-FIN 2016-17"]
[Site "Finland FIN"]
[Date "2017.03.11"]
[Round "10.2"]
[White "Johansson,Ju"]
[Black "Ebeling,D"]
[Result "0-1"]
[WhiteElo "2138"]
[BlackElo "2468"]

1.d4 Nf6 2.c4 e6 3.Nc3 Bb4 4.e3 c5 5.Ne2 b6 6.a3 Ba5 7.Rb1 Na6 8.g3 Bb7 9.d5
b5 10.Bg2 bxc4 11.O-O O-O 12.e4 exd5 13.Nxd5 Nxd5 14.exd5 d6 15.Nc3 Nc7 16.Bf4
Qd7 17.Re1 Rfe8 18.Qh5 Rxe1+ 19.Rxe1 Re8 20.Rxe8+ Nxe8 21.Qe2 Bxc3 22.bxc3 Qa4
23.h4 Kf8 24.Qe4 Qxa3 25.Bh3 Qa4 26.Kh2 h6 27.Bf5 Qd1 28.Bd7 Nf6 {#R} 0-1

[Event "TCh-FIN 2016-17"]
[Site "Finland FIN"]
[Date "2017.03.11"]
[Round "10.3"]
[White "Ladva,O"]
[Black "Ponnio,Toni"]
[Result "1-0"]
[WhiteElo "2501"]
[BlackElo "2064"]

1.Nf3 f5 2.g3 Nf6 3.Bg2 d6 4.d4 e6 5.O-O Be7 6.c4 O-O 7.b3 Ne4 8.Bb2 a5 9.Nbd2
Qe8 10.Qc2 Nxd2 11.Nxd2 Nc6 12.e4 e5 13.dxe5 dxe5 14.exf5 Bxf5 15.Be4 Qh5
16.Rae1 Bc5 17.Bxf5 Rxf5 18.Ne4 Bd4 19.Ba3 Qh3 20.Kh1 Qg4 21.Qd1 Qxd1 22.Rxd1
Nb4 23.Rd2 Raf8 24.Kg2 h6 25.h4 Rf3 26.Bxb4 axb4 27.c5 R3f7 28.Rc1 Ra8 29.Rc4
b5 30.cxb6 Bxb6 31.Rxb4 Ra3 32.Rc2 Rd7 33.Rb5 Rd1 34.Rxe5 Ra1 35.Nc3 Bd4
36.Rd5 Bxc3 37.Rxc3 R1xa2 38.Rxc7 Rxb3 39.Rdd7 Rbb2 40.Rxg7+ Kh8 41.Rh7+ Kg8
42.Rcg7+ Kf8 43.Rf7+ Kg8 44.Rhg7+ Kh8 45.Rg6 {#r} 1-0

[Event "TCh-FIN 2016-17"]
[Site "Finland FIN"]
[Date "2017.03.11"]
[Round "10.5"]
[White "Keinanen,Toivo"]
[Black "Miettinen,T"]
[Result "1-0"]
[WhiteElo "2329"]
[BlackElo "2008"]

1.c4 c5 2.g3 Nc6 3.Bg2 e5 4.Nc3 g6 5.a3 Bg7 6.b4 cxb4 7.axb4 Nge7 8.b5 Nd4
9.e3 Ne6 10.Nge2 O-O 11.Ba3 d6 12.Ne4 Nf5 13.N2c3 Re8 14.O-O h5 15.d3 Nc7
16.Qd2 Be6 17.c5 dxc5 18.Nxc5 b6 19.Nxe6 Nxe6 20.Bb4 Nc5 21.Bxc5 bxc5 22.Bxa8
Qxa8 23.b6 a6 24.Rfb1 Qb7 25.Ne4 Rc8 26.Qa2 Ra8 27.Qc4 Bf8 28.Qd5 Qb8 29.b7
Ra7 30.Nf6+ Kg7 31.Nd7 {#r} 1-0

[Event "TCh-FIN 2016-17"]
[Site "Finland FIN"]
[Date "2017.03.11"]
[Round "10.1"]
[White "Kulaots,K"]
[Black "Yrjola,J"]
[Result "1-0"]
[WhiteElo "2570"]
[BlackElo "2336"]

1.e4 c5 2.Nf3 Nc6 3.Bb5 g6 4.Bxc6 bxc6 5.O-O Bg7 6.Re1 Nh6 7.c3 O-O 8.h3 f6
9.d4 cxd4 10.cxd4 Nf7 11.Nc3 d6 12.Be3 Rb8 13.b3 Qa5 14.Rc1 Qa6 15.Rc2 Bd7
16.Qc1 Qa5 17.Bd2 Qa6 18.Bf4 Rb4 19.Nb1 Rb5 20.Bd2 Rbb8 21.Be3 Rb4 22.Nbd2
Rbb8 23.Nb1 Rb4 24.Nc3 Rbb8 25.Qd2 f5 26.e5 dxe5 27.dxe5 Rfd8 28.Qc1 Be6
29.Nd4 Qc8 30.f4 g5 31.Na4 Rxd4 32.Bxd4 gxf4 33.Qxf4 Rb4 34.Nc5 Bd5 35.a3 Rxd4
36.Qxd4 Qb8 37.Rce2 Qb6 {#r} 1-0

[Event "TCh-FIN 2016-17"]
[Site "Finland FIN"]
[Date "2017.03.11"]
[Round "10.7"]
[White "Hynninen,J"]
[Black "Salonen,J"]
[Result "1-0"]
[WhiteElo "2226"]
[BlackElo "2225"]

1.d4 g6 2.c4 d6 3.Nc3 e5 4.Nf3 Bg7 5.e4 Nd7 6.Be3 Ngf6 7.h3 exd4 8.Nxd4 O-O
9.g4 Re8 10.Bg2 Nc5 11.f3 c6 12.Nde2 Be6 13.b3 Qe7 14.O-O Rad8 15.Qc2 Rc8
16.Qd2 Rcd8 17.Bg5 Qf8 18.Rad1 Bc8 19.Ng3 Ne6 20.Be3 b6 21.Rfe1 Nc5 22.Bf2 Qe7
23.Nf1 h6 24.Bg3 Nb7 25.Ne3 Kh7 26.Nc2 Bd7 27.Nd4 Rf8 28.Qc2 Ne8 29.f4 Kh8
30.Kh2 Nc7 31.e5 dxe5 32.fxe5 Na5 33.Nf3 Be6 34.Ne4 Rxd1 35.Rxd1 Rd8 36.Rxd8+
Qxd8 37.Nd6 c5 38.Qe4 Kg8 39.h4 Bd7 40.g5 Bc6 41.Qf4 Qe7 42.gxh6 Bh8 43.Ng5
Bxg2 44.Kxg2 Ne6 45.Qxf7+ Qxf7 46.Ndxf7 Nxg5 47.Nxg5 Nc6 48.e6 Bf6 49.Bd6 Be7
50.Bxe7 Nxe7 51.Kf3 Nf5 52.h7+ Kg7 53.Ke4 Nxh4 54.e7 Nf5 55.h8=Q+ {#r} 1-0

[Event "TCh-FIN 2016-17"]
[Site "Finland FIN"]
[Date "2017.03.11"]
[Round "10.1"]
[White "Rakhmanov,Ale"]
[Black "Shirov,A"]
[Result "0-1"]
[WhiteElo "2654"]
[BlackElo "2673"]

1.c4 c6 2.d4 d5 3.cxd5 cxd5 4.Bf4 Nc6 5.e3 Nf6 6.Nc3 Bf5 7.Qb3 Na5 8.Qa4+ Bd7
9.Qc2 Rc8 10.Bd3 b5 11.a3 g6 12.Nf3 Bg7 13.Qe2 a6 14.h3 O-O 15.Ne5 Be6 16.O-O
Nd7 17.Rad1 Nc4 18.Nf3 Ndb6 19.Na2 Qd7 20.b3 Na5 21.Qd2 Nb7 22.Qb4 Bf5 23.Bxf5
gxf5 24.Nc3 f6 25.Rc1 Rfe8 26.Nb1 a5 27.Qd2 a4 28.Qb2 Na5 29.b4 Nbc4 30.Qe2
Nb3 31.Rcd1 Rc6 32.Bh2 Rec8 33.Ne1 e5 34.Nd3 exd4 35.exd4 Nxd4 36.Qh5 Qe8
37.Qxe8+ Rxe8 38.Nf4 Nc2 39.Rxd5 N4xa3 40.Nxa3 Nxa3 41.Rxf5 Re5 42.g4 Rxf5
43.gxf5 Bf8 44.Rd1 Bd6 45.Nh5 Bxh2+ 46.Kxh2 Nc2 47.Rd8+ Kf7 48.Rd7+ Kf8 49.Nf4
Nxb4 50.Ne6+ Ke8 51.Ra7 Rb6 52.h4 Na6 53.Rxh7 a3 54.Nd4 a2 55.Nb3 Nc5 56.Na1
b4 57.h5 b3 58.h6 b2 59.Ra7 bxa1=Q {#R} 0-1